Normal view
MARC view
- Alur Rajeev
Entry Personal Name
001 - CONTROL NUMBER
- control field: 122761
003 - CONTROL NUMBER IDENTIFIER
- control field: NUST
005 - DATE AND TIME OF LATEST TRANSACTION
- control field: 20240521103408.0
008 - FIXED-LENGTH DATA ELEMENTS
- fixed length control field: 240521|| aca||aabn | a|a d
040 ## - CATALOGING SOURCE
- Original cataloging agency: NUST
- Transcribing agency: NUST
100 ## - HEADING--PERSONAL NAME
- Personal name: Alur Rajeev
670 ## - SOURCE DATA FOUND
- Source citation: Work cat.: (NUST): Alur Rajeev, Hybrid Systems: Computation and Control, 2004.
